00936nam a2200265 u 450000100100000000300100001000500170002000800410003702000180007804000220009609200190011810000280013724500450016526000720021030000200028250000710030265000240037365000260039791000390042394200120046294500340047495201090050895600380061799900150065500000203900000203920180320160936.0090630s2007 dr r 000 0 spa d a9789945420227 aBPMSUbspacBPMSU aRD861.5bM516a1 aMejía, Amable,d1959-13aEl amor y la baratija /cAmable Mejía. aSan Francisco de Macorís :bAngeles de Fierro :bNacional,c2007. a49 p. ;c18 cm. aIncluye datos biográficos del autor en la solapa de la cubierta  4aPOESÍA DOMINICANA 4aLITERATURA DOMINICANA aValidado. Control de calidad BNPHU 2ddccBK aRemanejado para la BNPHU / VM 00102ddc4070aBPMETbBPMETd2014-07-09l0oRD861.5 M516apBPMSU15040493r2014-07-09w2014-07-09yBK aVMATEOb10c20150728lBPMSUh0069 c7113d7113